00425nam a2200145Ia 4500008004100000020001500041041000800056082001900064100001900083245011400102250000600216260003200222300001300254650001200267210716s2006 xx 000 0 und d a0749450908 aeng a332.63204 PLUJ aPlummer, Tony. aForecasting financial markets: the psycology of successful investing.bThe psycology of successful investing. a5 aNew DelhibKogan Pagec2006 axiii,415 aFinance